000 00499nam a2200181Ia 4500
008 230125s9999 xx 000 0 und d
041 _aeng
082 _a658.848
_bRAT
100 _aRathor B S
245 _aInternational Marketing
250 _aEd. 3rd
260 _c1997
_bHimalaya Publishing House
_aMumbai
300 _a499p
500 _aInternatioal marketing
500 _aInternational marketing
650 _aMarketing Management
700 _aRathor B S; Jani B M & Rathor J S
_9106302
999 _c93860
_d93860